000 00371nam a2200169Ia 4500
001 4619
003 IN-NITTTR
005 20251114233001.0
008 251113s9999||||xx |||||||||||||| ||eng||
040 _beng
040 _cIN-NITTTR
041 _aeng
082 _a686 J431M
100 _aJennett, Sean
245 0 _aMaking of books. /
_cJennett, Sean
942 _2ddc
_cBK
999 _c7255
_d7255